000 00454nam a2200181Ia 4500
005 20250508155949.0
008 008 250505s9999 xx 000 0 eng d
037 _aBooks to be hide in OPAC
040 _aFEDL
_beng
_cFEDL
041 _aeng
_2eng
084 _qFEDL
245 0 _aReport for the year 1937
260 _c1928
300 _a46p.
490 _aEuropean School kindergarten examination
942 _cHB
999 _c1360501
_d1360501